| 000 | 00935nam a2200253 i 4500 | ||
|---|---|---|---|
| 001 | 11835 | ||
| 003 | KOSZ 005 | ||
| 005 | 20200418132956.0 | ||
| 008 | 070828s1969 pl a f 000 0 pol | ||
| 015 | _aPB 1969/8322 | ||
| 040 |
_aWA N _cKOSZ 005/KK _dKOSZ 005/KK |
||
| 080 | _a658:62:65.01 | ||
| 100 | 1 |
_aCzermiński, Alfred _d(1923-2011) _eAutor |
|
| 245 | 1 | 0 |
_aZarys organizacji pracy i zarządzania w przedsiębiorstwie socjalistycznym / _cAlfred Czermiński. |
| 260 |
_aWarszawa : _bPaństwowe Wydawnictwo Ekonomiczne, _c1969. |
||
| 300 |
_a289, [3] s., 1 k. tabl. : _bil. ; _c18 cm. |
||
| 380 | _aKsiążki. | ||
| 504 | _aBibliogr. s.282-287. | ||
| 650 | 4 |
_aPrzemysł _xorganizacja. |
|
| 650 | 4 | _aZarządzanie | |
| 710 | 2 |
_aPaństwowe Wydawnictwo Ekonomiczne _4pbl. |
|
| 856 |
_uhttp://koha.tu.koszalin.pl/cgi-bin/koha/opac-detail.pl?biblionumber=11835 _yKatalog online BPK |
||
| 942 |
_2UKD _cKA |
||
| 999 |
_c11835 _d11835 |
||